000 00395 a2200157 4500
001 177637
020 _a
040 _cMagnum
100 _aSann, Janine Gisele Le
240 1 0 _aA caminho das nocoes basicas de geografia / vol1
_lpor
245 1 0 _aA caminho das nocoes basicas de geografia / vol1
362 0 _a1899
440 1 _aDimensão
697 _aMAGNITO: PARADIDATICO
942 _cBK
999 _c177637
_d177637